| 000 | 00699cam a2200253 4500 | ||
|---|---|---|---|
| 008 | 000000n2001 000 0 eng u | ||
| 020 | _a0333930800 | ||
| 035 | _a(Sirsi) u111410 | ||
| 041 | _aeng | ||
| 050 | _a692.8 | ||
| 100 | _aThomas, Reg | ||
| 245 | _aConstruction contract claims. | ||
| 250 | _a2nd ed. | ||
| 260 |
_aBasingstoke _bPalgrave _c2001 |
||
| 300 | _axxi, 310p. ; 24cm. | ||
| 350 | _a25.00 | ||
| 490 | _aMacmillan Building and Surveying Series | ||
| 650 | _aBUILT ENVIRONMENT-BUILDING CONTRACT FORMS | ||
| 650 | _aBUILDING CLAIMS | ||
| 650 | _aCONTRACT CLAIMS | ||
| 650 | _aEXTENSIONS OF TIME | ||
| 690 | _aBUILT ENVIRONMENT-BUILDING CONTRACT FORMS | ||
| 942 | _n0 | ||
| 999 |
_c101241 _d101241 |
||